000 01749nam0a2200421 4500
001 RU\NLR\bibl\90244
005 20250617075211.0
010 _a5-89738-001-5
_95500
020 _aRU
_b98-30577
_9Книжная летопись
021 _aRU
_b98-20286
_9963
035 _a(NLR Aleph) 000088180
090 _a493718
_c493718
100 _a20000410d1997 |||y0rusy50 ca
101 0 _arus
102 _aRU
105 _ay |||||||||
200 1 _aСоциальная защита и социально-психологическая реабилитация ветеранов локальных войн
_fБерезовец Владимир Васильевич
210 _aМ.
_cИзд. фирма "Вера плюс"
_d1997
215 _a110 с.
_d22
320 _aБиблиогр.: с. 84-110 (283 назв.)
606 0 _aВетераны войны
_xСоциальная защита
_92169459
_3RU\NLR\auth\661305107
606 0 _aВетераны войны
_xРеабилитация социальная
_92169461
_3RU\NLR\auth\661305108
610 0 _aВетераны - Социальная защита
610 0 _aВетераны - Социальная реабилитация
610 0 _aВоеннослужащие - Социально-психологические исследования
675 _a364.65-058.6
_v3
_zrus
686 _a10.67
_2rugasnti
686 _a65.9.27
_2rubbk
686 _aУ27(2)223.5
686 _aС550.518
686 _aС550.44
700 1 _aБерезовец
_gВладимир Васильевич
_4070
801 0 _aRU
_bRKP
_c20000410
_gPSBO
801 1 _aRU
_bRKP
_c20000410
801 2 _aRU
_bNLR
_c20000706
_grcr
852 _aNLR
_j98-3/6824
942 _cBOOK
980 _aNB